| 000 | 00750nam a2200193 4500 | ||
|---|---|---|---|
| 003 | CO-ViMGA | ||
| 020 | _a9789587753714 | ||
| 040 |
_aCO-ViMGA _bspa _cCO-ViMGA |
||
| 082 | 0 | 4 |
_a986.1 _bG66e |
| 100 | 1 |
_aGónzlaez Gómez,Lina Marcela _94191 |
|
| 245 | 1 | 0 |
_aUn edén para Colombia al otro lado de la civilación : _bLos llanos de San Martín o territorio del Meta, 1870-1930 / _cLina Marcela González Gómez |
| 260 |
_aMedellín : _bUniversidad Nacional de Colombia. Facultad de Ciencias Humanas y Económicas. _c2015 |
||
| 300 |
_a518 p. : _bil., mapas, tablas. |
||
| 490 | _aColección Folios | ||
| 500 | _aIncluye índice | ||
| 504 | _aincluye bibliográfia | ||
| 650 | 1 | 4 |
_aLlanos de San Martín _vHistoria _z(Meta, Colombia) _94192 |
| 942 |
_cBK _2ddc |
||
| 999 |
_c35692 _d35692 |
||